000 00701nam a2200277Ia 4500
005 20260324133351.0
008 008 260324s9999 xx 000 0 eng d
020 _a9781315889030
037 _aEBOOK
040 _aCRL
040 _beng
040 _cCRL
041 _2eng
041 _aeng
084 _qCRL
100 _aP. Sargant Florence
_91192784
245 0 _aEconomics of Fatigue and Unrest and the Efficiency of Labour in English and American Industry
260 _bTaylor and Francis
260 _c2003
365 _a
365 _b350
856 _uhttp://www.taylorfrancis.com/books/9781315889030
942 _cEBOOK
999 _c1791790
_d1791790